|
|
|
|
| LEADER |
02332nam a2200529 i 4500 |
| 001 |
EBC4810944 |
| 003 |
MiAaPQ |
| 005 |
20200520144314.0 |
| 006 |
m o d | |
| 007 |
cr cnu|||||||| |
| 008 |
170309t20172017enkab ob 000 0 eng d |
| 020 |
|
|
|z 9781785702792
|
| 020 |
|
|
|a 9781785702808
|q (electronic bk.)
|
| 035 |
|
|
|a (MiAaPQ)EBC4810944
|
| 035 |
|
|
|a (Au-PeEL)EBL4810944
|
| 035 |
|
|
|a (CaPaEBR)ebr11350615
|
| 035 |
|
|
|a (CaONFJC)MIL994820
|
| 035 |
|
|
|a (OCoLC)973798754
|
| 040 |
|
|
|a MiAaPQ
|b eng
|e rda
|e pn
|c MiAaPQ
|d MiAaPQ
|
| 043 |
|
|
|a a-cc---
|a ff-----
|a e------
|a aw-----
|
| 050 |
|
4 |
|a HD9926.C62
|b .S555 2017
|
| 082 |
0 |
|
|a 382/.45677390951
|2 23
|
| 245 |
0 |
0 |
|a Silk :
|b trade and exchange along the silk roads between Rome and China in antiquity /
|c edited by Berit Hildebrandt ; with Carole Gillis.
|
| 264 |
|
1 |
|a Oxford, [England] ;
|a Philadelphia, [Pennsylvania] :
|b Oxbow Books,
|c 2017.
|
| 264 |
|
4 |
|c 2017
|
| 300 |
|
|
|a 1 online resource (201 pages) :
|b color illustrations, maps.
|
| 336 |
|
|
|a text
|2 rdacontent
|
| 337 |
|
|
|a computer
|2 rdamedia
|
| 338 |
|
|
|a online resource
|2 rdacarrier
|
| 490 |
1 |
|
|a Ancient Textiles Series ;
|v 29
|
| 504 |
|
|
|a Includes bibliographical references at the end of each chapters.
|
| 588 |
|
|
|a Description based on print version record.
|
| 590 |
|
|
|a Electronic reproduction. Ann Arbor, MI : ProQuest, 2016. Available via World Wide Web. Access may be limited to ProQuest affiliated libraries.
|
| 650 |
|
0 |
|a Silk
|z China
|x History
|y To 1500.
|
| 650 |
|
0 |
|a Silk industry
|z China
|x History
|y To 1500.
|
| 651 |
|
0 |
|a Silk Road
|x History.
|
| 651 |
|
0 |
|a China
|x Relations
|z Rome.
|
| 651 |
|
0 |
|a Rome
|x Relations
|z China.
|
| 651 |
|
0 |
|a China
|x Commerce
|z Rome
|x History.
|
| 651 |
|
0 |
|a Rome
|x Commerce
|z China
|x History.
|
| 655 |
|
4 |
|a Electronic books.
|
| 700 |
1 |
|
|a Hildebrandt, Berit,
|e editor.
|
| 700 |
1 |
|
|a Gillis, Carole,
|e editor.
|
| 776 |
0 |
8 |
|i Print version:
|t Silk : trade and exchange along the silk roads between Rome and China in antiquity.
|d Oxford, [England] ; Philadelphia, [Pennsylvania] : Oxbow Books, c2017
|h approximately 201 pages
|k Ancient textiles series ; 29.
|z 9781785702792
|w 2016040016
|
| 797 |
2 |
|
|a ProQuest (Firm)
|
| 830 |
|
0 |
|a Ancient textiles series ;
|v 29.
|
| 856 |
4 |
0 |
|u https://ebookcentral.proquest.com/lib/matrademy/detail.action?docID=4810944
|z Click to View
|